| 000 | 00724nam a22001577a 4500 | ||
|---|---|---|---|
| 003 | OSt | ||
| 005 | 20151210111248.0 | ||
| 008 | 151210b xxu||||| |||| 00| 0 eng d | ||
| 040 | _cRUA | ||
| 082 | _aATM BAN 2004 B204 Or.1 | ||
| 100 |
_94648 _aBAN, SARETH. |
||
| 245 | _athe inventory of pesticide belong to persistent organic pollutants (pops) in phnom penh market (សារពើភ័ណ្ឌថ្នាំកសិកម្មជាសារធាតុគីមិសរីរៈមិនងាយបំបែកធាតុ ដែលមាននៅតាមទីផ្សាររាជធានីភ្នំពេញ) | ||
| 260 |
_aPhnom Penh _bRUA _c2004 |
||
| 300 |
_avii, 49p. _bill. _c29cm. |
||
| 942 |
_2ddc _cATM |
||
| 999 |
_c4332 _d4332 |
||